000 00263nam a22001217a 4500
008 170831b xxu||||| |||| 00| 0 eng d
041 _aeng
080 _25TH
_a070
100 _a40
101 _aMED
245 _aCOMMUNICATION MOSAICS
_cTWOST,A
942 _2udc
_cBK
999 _c25756
_d25756